Economics Reading Lists, Course Outlines, Exams, Puzzles and Problems
Na minha lista:
| Formato: | Livro |
|---|---|
| Idioma: | inglês |
| Publicado em: |
Durham
Eno River Press
1990
|
| Tags: |
Sem tags, seja o primeiro a adicionar uma tag!
|
MARC
| LEADER | 00000nam a2200000 4500 | ||
|---|---|---|---|
| 001 | c033211 | ||
| 005 | 20250611141456.2 | ||
| 041 | 0 | |a eng | |
| 044 | |a US | ||
| 245 | 1 | 0 | |a Economics Reading Lists, Course Outlines, Exams, Puzzles and Problems |
| 264 | 1 | |a Durham |b Eno River Press |c 1990 | |
| 300 | |a 269 s. | ||